<?xml version="1.0" encoding="UTF-8"?>
<record
    xmlns:xsi="http://www.w3.org/2001/XMLSchema-instance"
    xsi:schemaLocation="http://www.loc.gov/MARC21/slim http://www.loc.gov/standards/marcxml/schema/MARC21slim.xsd"
    xmlns="http://www.loc.gov/MARC21/slim">

  <leader>00637nam a22001457a 4500</leader>
  <datafield tag="999" ind1=" " ind2=" ">
    <subfield code="c">39326</subfield>
    <subfield code="d">39326</subfield>
  </datafield>
  <datafield tag="082" ind1=" " ind2=" ">
    <subfield code="a">170.44</subfield>
    <subfield code="b">MIT-L</subfield>
  </datafield>
  <datafield tag="100" ind1=" " ind2=" ">
    <subfield code="a">Swami, Mitrananda </subfield>
  </datafield>
  <datafield tag="245" ind1=" " ind2=" ">
    <subfield code="a">Living in Harmony/</subfield>
    <subfield code="c">Swami Mitrananda</subfield>
  </datafield>
  <datafield tag="260" ind1=" " ind2=" ">
    <subfield code="a">Guwahati:</subfield>
    <subfield code="b">Vivekananda Kendra Institute of Culture,</subfield>
    <subfield code="c">2011.</subfield>
  </datafield>
  <datafield tag="300" ind1=" " ind2=" ">
    <subfield code="a">32p.</subfield>
  </datafield>
  <datafield tag="520" ind1=" " ind2=" ">
    <subfield code="a">Living in Harmony is a philosophical work rooted in Vedantic teachings, aiming to inspire to achieve balance and harmony in life. Living in Harmony serves as a guide for achieving balance and unity in life through spiritual practices and ethical living. </subfield>
  </datafield>
  <datafield tag="650" ind1=" " ind2=" ">
    <subfield code="a">Social Ethics</subfield>
  </datafield>
  <datafield tag="650" ind1=" " ind2=" ">
    <subfield code="a">Harmony &#x2013; Social aspects</subfield>
  </datafield>
  <datafield tag="942" ind1=" " ind2=" ">
    <subfield code="2">ddc</subfield>
    <subfield code="c">BK</subfield>
  </datafield>
  <datafield tag="952" ind1=" " ind2=" ">
    <subfield code="0">0</subfield>
    <subfield code="1">0</subfield>
    <subfield code="4">0</subfield>
    <subfield code="7">0</subfield>
    <subfield code="a">NASSDOC</subfield>
    <subfield code="b">NASSDOC</subfield>
    <subfield code="e">Overseas Press India Private Limited</subfield>
    <subfield code="g">14.44</subfield>
    <subfield code="i">20-03-2024</subfield>
    <subfield code="l">0</subfield>
    <subfield code="o">170.44 MIT-L</subfield>
    <subfield code="p">54415</subfield>
    <subfield code="r">2024-05-24 00:00:00</subfield>
    <subfield code="v">20.00</subfield>
    <subfield code="w">2024-05-24</subfield>
    <subfield code="y">BK</subfield>
  </datafield>
</record>
